000 00357nam a2200157Ia 4500
003 0STCL
008 150530s9999 xx 000 0 und d
040 _aSTCL
_cSTCL
100 _aSubramanian, K.N.
245 _aLabour management relations in India
260 _c1967
546 _aEnglish
942 _2ddc
_cBK
999 _c8740
_d8740
005 20220125165515.0